| 000 | 00464nam a2200133 a 4500 | ||
|---|---|---|---|
| 008 | 120416s1977 ||||||||||||||||| || u | ||
| 050 | _aHG 6041 Cro | ||
| 100 | _aCrowell, Richard A | ||
| 245 | 1 | 0 | _aStock market strategy |
| 260 |
_aNew York _bMcGraw-Hill _c1977 |
||
| 300 | _ax, 219p. : ill. | ||
| 350 | _a0.00 | ||
| 995 |
_D0.00 _FCBU-MAIN LIBRARY (Kitwe) _H1 _I0.00 _UAVAILABLE _ZAnnex Low-Usage Collection |
||
| 999 |
_c58444 _d58444 |
||